Statistiques concernant Satisfaction visuelle - Pour en voir de toutes les couleurs

Cliquez ici pour prendre le quiz!

Statistiques générales

  • Ce quiz a été pris 818 fois
    (558 depuis la dernière actualisation)
  • Le résultat moyen est 15 sur 25

Réponses sur la Carte

Les réponses sont colorées sur une échelle allant du rouge au vert en fonction du pourcentage des utilisateurs qui les ont devinées à leur premier essai. Vous pouvez retrouver ces pourcentages ci-dessous.
 

Statistiques - réponses

Réponse% Correct
83%
82%
77%
77%
75%
75%
71%
69%
66%
64%
62%
61%
59%
58%
57%
56%
54%
53%
51%
51%
47%
46%
44%
43%
42%

Distribution des résultats

Percentile par nombre de réponses

% des personnes avec chaque résultat

Votre développement - résultats

Vous n’avez pas pris ce quiz depuis la dernière actualisation